| 000 | 01591nam0a22002891 4500 | ||
|---|---|---|---|
| 001 | RU\NLR\A1SV\44640 | ||
| 005 | 20251203171251.9 | ||
| 035 | _a(NLR Aleph) 009726791 | ||
| 090 |
_a9894089 _c9894089 |
||
| 100 | _a20021129d1924 u y0rusy50 ca | ||
| 101 | 0 | _arus | |
| 102 | _aRU | ||
| 200 | 1 |
_aО кооперативе и купце Вавиле _eИнсценировка для деревни _f[Соч.] Як. Задыхина _gХудож. ч. Ленинградгубполитпросвета. Секция самодеят. театра |
|
| 210 |
_aЛ. _cУчеб. тип. 1 Дома коммуны _d1924 |
||
| 215 |
_a16 с. _d18 см |
||
| 300 | _aБез тит. л. | ||
| 451 | 0 |
_1001RU\NLR\A1SV\44639 _12001#$aО кооперативе и купце Вавиле$eИнсценировка для деревни$f[Соч.] Як. Задыхина$gХудож. ч. Ленинградгубполитпросвета. Секция самодеят. театра _1700#1$aЗадыхин$bЯ.Л.$f1897-1951$gЯков Леонидович$4070 _99894085 _aЗадыхин, Я.Л. (1897-1951) _cЛ. _d1924 _f[Соч.] Як. Задыхина _nУчеб. тип. 1 Дома коммуны _oИнсценировка для деревни _p16 с. _tО кооперативе и купце Вавиле |
|
| 620 | _dСанкт-Петербург | ||
| 700 | 1 |
_aЗадыхин _bЯ.Л. _f1897-1951 _gЯков Леонидович _4070 |
|
| 801 | 0 |
_aRU _bNLR _c20021129 |
|
| 852 |
_aNLR _j39/833 |
||
| 899 | _aБАН | ||
| 899 | _aРКП | ||
| 942 | _cBOOK | ||
| 980 | _aNB | ||
| 980 | _aA1SV | ||